000 00278nam a2200109Ia 4500
008 201217s9999 xx 000 0 und d
100 _aBall, Terence and Farr, James (ed.)
245 0 _aAfter Marx
260 _aCambridge
_bCambridge University Press
300 _a287
942 _cBK
999 _c7481
_d7481